| 000 | 01887nam a2200397 c 4500 | ||
|---|---|---|---|
| 003 | BLK | ||
| 005 | 20241217005411.0 | ||
| 008 | 180408b bul|||||r ||||||| ||bul|| | ||
| 010 | _aKNG00084867000 | ||
| 020 |
_a978-954-28-0293-8 _bиздат.: Сиела Софт енд Паблишинг |
||
| 040 | _aBLK | ||
| 041 |
_aBUL _cBUL |
||
| 080 |
_aАмериканска литература (на САЩ) _b821.111(73) _x-312.6 _z821.111(73)-312.6 |
||
| 080 |
_aДруги видове песни. Изпълнители _b784.7.071.2 _x(73)(092) _z784.7.071.2(73)(092) |
||
| 080 |
_aЧиконе, Мадона Луиз Вероника. Американска поппевица _b929 Мадона _x _z929 Мадона |
||
| 100 | 1 |
_aО'Брайън, Люси _eпърви автор _9299636 |
|
| 700 | 1 |
_aКарастойчева, Емилия Станимирова _d1971 - _gИндолог. Преводач от английски език _qНичева-Карастойчева, Емилия Станимирова _976920 |
|
| 139 |
_aО'Брайън, Люси _bМ 14 |
||
| 245 | 1 | 0 |
_aМадона като икона _cЛюси О'Брайън; прев. от англ. Емилия Станимирова Карастойчева. |
| 257 | _aUSA | ||
| 260 |
_аСофия _bСиела Софт енд Паблишинг _c2008 |
||
| 300 |
_a336 с., 16 л. _bсъс сн. _c23 см |
||
| 380 | _aX | ||
| 500 | _aОриг. загл. Madonna : Like an Icon / Lucy O'Brien | ||
| 600 | 1 | 4 |
_aМадона _9298418 |
| 650 | 4 |
_aПевци _9165915 |
|
| 650 | 4 |
_aПопмузика, американска _9265310 |
|
| 653 | _aпопмузика | ||
| 653 | _aМадона | ||
| 852 | _aЦб 240763 | ||
| 856 | 4 |
_qpdf _u |
|
| 856 | 4 |
_qpdf _u |
|
| 942 |
_cKNG _n0 _03 |
||
| 944 |
_aCR _c18.08.2008 _k _lCRON CRON |
||
| 944 |
_aED _c15.07.2009 _k |
||
| 999 |
_c80382 _d80382 |
||